000 00587nam a2200217Ia 4500
003 OSt
005 20221002054946.0
006 a|||||r|||| 00| 0
007 ta
008 220930b |||||||| |||| 00| 0 hin d
024 _a71250
037 _cReference Collections
040 _aCRL
_cCRL
_bhin
041 _2hin
_ahin
082 _aP152:4k, M2(RR)
100 _aनवल
245 0 _aनालन्दा हिन्दी शब्दकोष
260 _c1982
942 _hP152:4k, M2(RR)
_cref
_2CC
999 _c926349
_d926349